Normal view
MARC view
Entry Personal Name
001 - CONTROL NUMBER
- control field: 47319
003 - CONTROL NUMBER IDENTIFIER
- control field: MY-SjTCS
005 - DATE AND TIME OF LATEST TRANSACTION
- control field: 20191205134215.0
008 - FIXED-LENGTH DATA ELEMENTS
- fixed length control field: 101011nn a|a||abb| a a|a d
039 #9 -
- : 201010110916
- : shuhada
040 ## - CATALOGING SOURCE
- Original cataloging agency: VRT
- Transcribing agency: VRT
100 1# - HEADING--PERSONAL NAME
- Personal name: Shukor Omar,
- Titles and other words associated with a name: Dato',
- Dates associated with a name: 1951-
400 1# - SEE FROM TRACING--PERSONAL NAME
- Personal name: Omar, Shukor,
- Dates associated with a name: 1951-
670 ## - SOURCE DATA FOUND
- Source citation: Malay business, c2006.:
- Information found: t.p. (Shukor Omar.)
999 ## -
- : VIRTUA4 x
999 ## -
- : VTLSSORT0080*0400*1000*4000*6700*9991